000 00587nam a2200205Ia 4500
005 20250923145340.0
008 008 250917s9999 xx 000 0 eng d
037 _aTextual
040 _aDSWL
_beng
_cDSWL
041 _aeng
_2eng
084 _aYX;5-B.6, N75
_qDSWL
100 _aMouton, Pierre
_9834347
245 0 _aSocial Security in Africa
_c by Pierre Mouton
260 _aGeneva
_bInternational Labour Office
_c1975
300 _aix,166p.
365 _aINR
_b70 . 20
925 _g70 . 20
942 _cTEXL
_hYX;5-B.6, N75
999 _c1450296
_d1450296